000 00228nam a2200109Ia 4500
100 _aRampaul/Hoobasar
650 _aChemistry
942 _cBK
245 _aPipe Welding Procedures
260 _bIndustrial Press
300 _a238
999 _c33061
_d33061